000 00914nam a22002177a 4500
010 _a1617CH-EN
020 _a9781447279785
_c350.00
035 _aB-643895-917
035 _aB-664999
037 _aDPL
_bBBB/ven
082 _aS
100 _aGriffiths, Andy
245 _aThe 13-storey treehouse /
_cby Andy Griffiths; illustrated by Terry Denton
260 _aLondon
_bMacmillan Chidren's Books
_c2015
270 _a20 New Whar Road,
_bLondon
300 _a238p.:
_bill.
_c19cm(pbk)
700 _aDenton, Terry
942 _2ddc
_cCH
_mGRI
_hS
999 _c100424
_d100424